Personnages Gardiens des Cités Perdues - Statistiques

Statistiques générales
  • Ce quiz a été pris 336 fois
  • Le résultat moyen est 81 sur 132
Statistiques - réponses
Hint Réponse % Correct
1 | 15 Sophie
100%
3 | 16 Fitz
98%
4 | 18 Biana
97%
2 | 17 Keefe
96%
5 | 19 Dex
95%
9 Alden Vacker
91%
10 | 13 Della Vacker
89%
14 Edaline Ruewen
89%
1 Errol Forkle / Magnat Leto / Sir Astin
89%
15 Grady Ruewen
89%
4 | 6 | 20 Tam
88%
2 Conseillère Oralie
87%
5 | 7 | 21 Linh
87%
8 | 9 Alvar Vacker
86%
5 Conseiller Bronte
86%
38 Marella
84%
3 Conseiller Kenric
83%
1 Fintan
83%
4 | 19 Juline Dizznee / Blizzard
83%
21 Lex
82%
20 Rex
82%
22 Bex
81%
16 Jolie
81%
2 | 17 Brant
80%
2 | 6 Conseillère Alina
80%
24 Lady Gisela
80%
8 lady Gisela
80%
3 | 5 | 33 Tiergan / Granite
79%
18 Kesler Dizznee
77%
1 Sandor
77%
1 Conseiller Emery
76%
5 Ro / Romhilda
76%
34 Stina Heks
75%
31 Prentice Endal
72%
4 Bo/ Botros
71%
2 Brume
70%
23 Lord Cassius
70%
37 Maruca
69%
6 Ruy
69%
3 | 9 Calla
68%
4 Conseiller Terik
68%
2 Grizel
68%
30 Wylie Endal
68%
3 Spectre
67%
5 Ombre
64%
1 Roi Dimitar
64%
1 Silveny
64%
8 | 36 Timkin Heks / Toison
64%
4 Vespéra
64%
3 Elwin
63%
27 Amy Foster / Natalie Freeman
62%
4 | 14 Lady Cadence
61%
11 Fallon Vacker
60%
6 | 41 Livy Sonden / Médoc
59%
12 Orem Vacker
59%
32 Cyrah Endal
58%
3 Gethen
57%
25 Mai Song
57%
35 Vika Heks
57%
4 | 12 Flori
56%
7 Conseillère Zarina
55%
8 Conseiller Noland
55%
26 Quan Song
55%
28 Emma Foster / Kate Freeman
53%
13 Luzia Vacker
53%
7 Trix
53%
10 Conseillère Clarette
52%
5 Iggy
52%
42 Quinlin Sonden
52%
29 William Foster / Connor Freeman
51%
3 Brielle
50%
2 Greyfell
50%
12 Conseillère Liora
49%
3 Luna
49%
6 Woltzer
49%
4 Felix
48%
5 Lovise
48%
13 Conseiller Darek
45%
9 Conseiller Velia
45%
4 Cadoc
44%
5 Lady Galvin
42%
11 Conseillère Ramira
39%
7 Mécano
38%
6 Verdi
38%
39 Caprise
36%
2 Nubiti
35%
5 | 10 Lur
31%
1 Rohanna
31%
10 Ella
29%
6 | 11 Mitya
29%
1 Roi Enki
29%
7 Lady Alexine
28%
6 Lady Zillah
26%
7 Reine Hylda
26%
3 Bora
24%
12 Monsieur Câlin
24%
3 Cadfel
23%
9 Vertina
23%
40 Jurek
21%
2 Reine Gundula
21%
2 Wilda
21%
7 Gildie
20%
11 Madame Schlinguette
16%
8 Bulhorn
14%
6 Boobrie
10%
13 Lady Sassystrass
9%
7 Sior
6%
14 Stinky le Stégosaure
5%
Aucun quiz correspondant
Distribution des résultats
% des personnes avec chaque résultat
Percentile par nombre de réponses
Votre historique - résultats
Vous n’avez pas pris ce quiz